• 首页
  • 本馆介绍
  • 公告通知
  • 最新文献
  • 馆藏检索
  • 电子资源
  • 读者导购
  • 参考咨询
  • 我的图书馆
  • 登录
  • 详细信息显示
  • 放入我的书架
  • 预约/预借图书
  • 作者相关作品
  • 分类相关作品
  • 丛书相关作品
  • 出版社相关作品

书目信息

  • 表格格式
  • 工作单格式
  • 卡片格式
题名:
薪酬制度与薪酬管理
    
 
作者: 黄任民 , 张燕 主编
分册:  
出版信息: 北京   中国劳动社会保障出版社  2006
页数: 278页
开本: 24cm
丛书名:
单 册:
中图分类: F244
科图分类:
主题词: 劳动工资管理--高等学校--教材
电子资源:
ISBN: 7-5045-5540-1
000 00959nam0 2200289 450
001 012004077410
005 20080226091816.84
009 012004077410
010    @a7-5045-5540-1@dCNY25.00
035    @a(110019)012006096010
100    @a20060926d2006 em y0chiy0110 ea
101 0  @achi
102    @aCN@b110000
105    @ay z 000yy
106    @ar
200 1  @a薪酬制度与薪酬管理@Axin chou zhi du yu xin chou guan li@f黄任民, 张燕主编
210    @a北京@c中国劳动社会保障出版社@d2006
215    @a278页@d24cm
300    @a中国劳动关系学院精品系列教材
330    @a本书从历史的角度介绍和分析了我国工资制度,阐述了我国进行工资体制改革的必要性,重点分析我国现阶段建立适应现代企业薪酬制度的最终目标和方法等内容。
606 0  @a劳动工资管理@x高等学校@j教材
690    @aF244@v4
701  0 @a黄任民@Ahuang ren min@4主编
701  0 @a张燕@Azhang yan@4主编
801  0 @aCN@b110019@c20080226
801  2 @aCN@b110019@c20061011
905    @dF244@e70@f5
    
    薪酬制度与薪酬管理/黄任民, 张燕主编.-北京:中国劳动社会保障出版社,2006
    278页;24cm
    中国劳动关系学院精品系列教材
    
    ISBN 7-5045-5540-1:CNY25.00
    本书从历史的角度介绍和分析了我国工资制度,阐述了我国进行工资体制改革的必要性,重点分析我国现阶段建立适应现代企业薪酬制度的最终目标和方法等内容。
●
相关链接 在E读中查询图书 在五车中查询图书 在当当中查询图书 在豆瓣中查询图书


正题名:薪酬制度与薪酬管理     索取号:F244/70         预约/预借

序号 登录号 条形码 馆藏地/架位号 状态 备注
1 0793417   207934173   第一样本阅览室/ [索取号:F244/70] 在馆    
2 0793418   207934182   第一借阅区/ [索取号:F244/70] 在馆    
3 0793419   207934191   第一借阅区/ [索取号:F244/70] 在馆    
4 0793420   207934208   第一借阅区/ [索取号:F244/70] 在馆    
5 0793421   207934217   第一借阅区/ [索取号:F244/70] 在馆    
唐山师范学院图书馆 欢迎您!
大连网信软件有限公司© 版权所有